Química general /
Guardado en:
| Autor Principal: | |
|---|---|
| Formato: | Libro |
| Publicado: |
Buenos Aires :
Kapelusz,
1963
|
| Materias: | |
| Etiquetas: |
Agregar Etiqueta
Sin Etiquetas, Sea el primero en etiquetar este registro!
|
| LEADER | 00660nam a22002055a 4500 | ||
|---|---|---|---|
| 001 | CEM.cems005155 | ||
| 005 | 20060220000000.0 | ||
| 008 | 130507s1963##################000#0#####d | ||
| 003 | CEMS | ||
| 082 | 0 | 4 | |a 540 |
| 100 | 1 | |a Prelat, Carlos E. | |
| 245 | 1 | 0 | |a Química general / |
| 260 | |a Buenos Aires : |b Kapelusz, |c 1963 | ||
| 300 | |a 779 p. | ||
| 505 | 0 | |a La naturaleza del cambio quimico. Los modelos como ayuda para la interpretación de los sistemas. Enlaces en los sistemas quimicos | |
| 653 | |a Química | ||
| 653 | |a Química analitica | ||
| 653 | |a Química general | ||
| 653 | |a Química inorganica | ||
| 859 | |a CEMS |b BIB. CEMS - 11 de abril |h 540 |i P915 |p 2053.74 |t Ej.1 | ||
